Análisis jurídico y económico del despido discriminatorio / (Registro nro. 5987)
[ vista simple ]
| 000 -LEADER | |
|---|---|
| fixed length control field | 01216nab a22002537a 4500 |
| 003 - CONTROL NUMBER IDENTIFIER | |
| control field | OSt |
| 005 - DATE AND TIME OF LATEST TRANSACTION | |
| control field | 20260115182008.0 |
| 008 - FIXED-LENGTH DATA ELEMENTS--GENERAL INFORMATION | |
| fixed length control field | 190605e xxu||||| |||| 00| 0 spa d |
| 040 ## - CATALOGING SOURCE | |
| Transcribing agency | PJ |
| 100 ## - MAIN ENTRY--PERSONAL NAME | |
| 9 (RLIN) | 6638 |
| Personal name | Panozzo, Octavio R. |
| 245 10 - TITLE STATEMENT | |
| Title | Análisis jurídico y económico del despido discriminatorio / |
| Statement of responsibility, etc | Octavio R. Panozzo. |
| 260 ## - PUBLICATION, DISTRIBUTION, ETC. (IMPRINT) | |
| Place of publication, distribution, etc | Ciudad Autónoma de Buenos Aires : |
| Name of publisher, distributor, etc | Thomson Reuters La Ley, |
| Date of publication, distribution, etc | 2022. |
| 300 ## - PHYSICAL DESCRIPTION | |
| Extent | p. 83-89 |
| 500 ## - GENERAL NOTE | |
| General note | Cita: TR LALEY AR/DOC/3161/2022.<br/><br/> |
| 505 ## - FORMATTED CONTENTS NOTE | |
| Formatted contents note | Sumario: I. Introducción.— II. Breviario de la causa.— III. Despido arbitrario.— IV. Despido discriminatorio.— V. Epílogo. |
| 505 ## - FORMATTED CONTENTS NOTE | |
| Formatted contents note | Fallo comentado: CNTrab., sala V ~ 30/05/2022 ~ A., P. G. c. Casino Buenos Aires SA Compañia de Inversiones en Entretenimientos SA UTE s/ despido. |
| 505 ## - FORMATTED CONTENTS NOTE | |
| Title | ¿Te interesa el texto completo? Solicitalo al correo: koha@justierradelfuego.gov.ar |
| 650 #0 - SUBJECT ADDED ENTRY--TOPICAL TERM | |
| 9 (RLIN) | 1316 |
| Topical term or geographic name as entry element | DERECHO LABORAL |
| 650 #0 - SUBJECT ADDED ENTRY--TOPICAL TERM | |
| 9 (RLIN) | 1323 |
| Topical term or geographic name as entry element | CONTRATO DE TRABAJO |
| 650 #0 - SUBJECT ADDED ENTRY--TOPICAL TERM | |
| 9 (RLIN) | 1533 |
| Topical term or geographic name as entry element | DESPIDO |
| 650 #0 - SUBJECT ADDED ENTRY--TOPICAL TERM | |
| 9 (RLIN) | 1576 |
| Topical term or geographic name as entry element | DISCRIMINACION |
| 773 0# - HOST ITEM ENTRY | |
| Host Biblionumber | 2711 |
| Host Itemnumber | 3168 |
| Place, publisher, and date of publication | Ciudad Autónoma de Buenos Aires : Thomson Reuters La Ley, 1999-2002. |
| Title | Revista de derecho del trabajo. Nº 6 - Noviembre 2022 |
| 942 ## - ADDED ENTRY ELEMENTS (KOHA) | |
| Source of classification or shelving scheme | |
| Koha item type | Analítica Artículo de Revista |
No hay ítems disponibles.
